Unix is not dead!

Podrobná bibliografia
Hlavní autori: Drobný, Martin (Autor), Zdanowicz, Zbigniev (Autor)
Médium: Článok
Jazyk:slovenčina

MARC

LEADER 00000nab a2200000ua 4500
001 vtls010761716
003 SK-MaSNL
005 20260304200055.0
008 250718s1997 xo |||||||||||||||||slo|
035 |a (urnnbn)urn:nbn:sk:snk:ar-a01sqb 
035 |a (uuid)ff915684-51df-4519-86cb-97a7d933e00b 
035 |a urn:nbn:sk:snk-ab4gbg 
040 |a SNKBUCL  |b slo  |c SNKBUCL  |e AACR2 
041 0 |a slo 
044 |a xo  |c SK 
100 1 |a Drobný, Martin  |4 aut  |9 274739 
245 1 0 |a Unix is not dead!  |c Martin Drobný, Zbigniev Zdanowicz 
700 1 |a Zdanowicz, Zbigniev  |4 aut  |9 1531364 
773 0 |t InfoWare : magazín IT profesionálov  |g Roč. 1, č. 4 (1997), s. 9-11 
850 |a Slovenská národná knižnica 
852 |a Slovenská národná knižnica 
954 |a odborná, vedecká literatúra pôvodná (slovenská)  |2 lita 
958 |a article3 
958 |a OND 
958 |a EUIPO 
999 |c 3085025  |d 3086955